| 000 | 00681nam a2200301Ia 4500 | ||
|---|---|---|---|
| 005 | 20260401122315.0 | ||
| 008 | 008 250103s9999 xx 000 0 eng d | ||
| 020 | _a6745365766 | ||
| 037 | _aTB | ||
| 040 | _aEDL | ||
| 040 | _beng | ||
| 040 | _cEDL | ||
| 041 | _2eng | ||
| 041 | _aeng | ||
| 084 | _a944.042 DAR | ||
| 084 | _qEDL | ||
| 100 |
_aDarnton, Robert _91233195 |
||
| 245 | 0 | _aLiterary Underground of the Old Regime | |
| 245 | 0 | _cDarnton, Robert | |
| 260 | _aCambridge | ||
| 260 | _bHarvard University Press | ||
| 260 | _c1982 | ||
| 300 | _a258p | ||
| 942 | _cTB | ||
| 942 | _h944.042 DAR | ||
| 999 |
_c1846396 _d1846396 |
||